| 000 | 01251nam a2200313 a 4500 | ||
|---|---|---|---|
| 001 | 000111428 | ||
| 003 | CHAP | ||
| 005 | 20240530181905.0 | ||
| 008 | 150410s2014 mx a |sm |||||||spa d | ||
| 010 | _a107890 | ||
| 011 | _a108862 | ||
| 040 | _cCHAP | ||
| 090 | _aTesis | ||
| 100 | 1 |
_aLaureano López, Bernabé _d1986 _965112 |
|
| 245 | 1 | 0 |
_aElavoración y caracterización de pelicula biodegradables a base de mucilago de nopal (Opuntia spp.) en combinaciones con otros polímeros y adicionadas con un extracto antifúngico _h[En línea] _cpor Bernabe Laureano López. |
| 260 |
_aChapingo, Méx. : _bEl autor, _c2014. |
||
| 500 | _aPara ver el contenido del material haga clic en la liga | ||
| 502 | _aTesis (M. C. en Ciencia y Tecnología Agroalimentaria) -- UACH. Departamento de Ingeniería Agroindustrial | ||
| 590 |
_aE5652GLJ _b05 _c20150410 _lUCH01 _h0939 |
||
| 590 |
_aE5652GLJ _b05 _c20150410 _lUCH01 _h0939 |
||
| 650 | 1 | 4 |
_aExtractos vegetales. _939214 |
| 650 | 1 | 4 |
_aNopal _xMucílago. _981686 |
| 650 | 1 | 4 |
_aPapaya _xMateriales de empaque. _9129295 |
| 650 | 1 | 4 |
_aPapaya _xTecnología postcosecha. _985359 |
| 856 |
_aFinding aid _uhttp://10.13.5.2/tesis/sist111428.pdf _zTeclea aquí |
||
| 901 | _aBK | ||
| 942 | _cTESIS | ||
| 942 | _n0 | ||
| 999 |
_c107890 _d107890 |
||